U.S. Southernmost States (S-N) Quiz Stats

 Plays Quiz not verified by Sporcle

Support Sporcle.
Go Orange.
Score 0/50 Timer 07:00
0 Plays Today
Latitude State % Correct
18° 54' 39''Hawai'i
99.4%
24° 31' 16''Florida
99.4%
25° 50' 14''Texas
99.2%
28° 55' 44''Louisiana
97.3%
30° 10' 31''Mississippi
97.1%
30° 13' 12''Alabama
97.1%
30° 21' 21''Georgia
96.3%
31° 19' 55.84''New Mexico
95.6%
31° 19' 55.88''Arizona
95.4%
32° 02' 15''South Carolina
92.9%
32° 32' 03''California
92.9%
33° 00' 15''Arkansas
91.1%
33° 37' 05''Oklahoma
89.2%
33° 51' 06''North Carolina
88.6%
34° 58' 59''Tennessee
88.2%
35° 00' 07''Nevada
86.9%
35° 59' 44''Missouri
84.6%
36° 29' 50''Kentucky
83.6%
36° 32' 27''Virginia
83.4%
36° 59' 33''Colorado
79.3%
36° 59' 35''Kansas
78.2%
36° 59' 53''Utah
77.8%
37° 12' 06''West Virginia
76.3%
36° 58' 24''Illinois
76.1%
37° 54' 43''Maryland
73%
Latitude State % Correct
37° 46' 23''Indiana
72.8%
38° 24' 12''Ohio
70.1%
38° 27' 04''Delaware
69.7%
39° 43' 11''Pennsylvania
64.9%
38° 55' 43''New Jersey
64.3%
40° 00' 02''Nebraska
64.3%
40° 22' 32''Iowa
64.1%
51° 12' 53''Alaska
63.7%
40° 29' 46''New York
61.4%
40° 59' 04''Connecticut
59.1%
41° 08' 47''Rhode Island
57.3%
41° 14' 21''Massachusetts
56%
40° 59' 41''Wyoming
55.8%
42° 58' 38''Maine
54.6%
42° 43' 37''Vermont
54.4%
45° 56' 06''North Dakota
54.4%
41° 59' 17''Idaho
54.1%
42° 41' 49''New Hampshire
53.5%
45° 32' 54''Washington
53.1%
41° 41' 46''Michigan
52.9%
44° 21' 30''Montana
52.5%
41° 59' 30''Oregon
52.3%
43° 29' 58''Minnesota
51%
42° 28' 52''South Dakota
50.6%
42° 29' 31''Wisconsin
49.4%

You're not logged in!

Compare scores with friends on all Sporcle quizzes.
OR
Log In

From the Vault

6 to 1: Canada

by mg10

We're just here for the poutine.
Remove Ads.
Support Sporcle.
Get the best of Sporcle when you Go Orange. This ad-free experience offers more features, more stats, and more fun while also helping to support Sporcle. Thank you for becoming a member.

Show Comments

Extras

Top Quizzes Today


Score Distribution

Your Account Isn't Verified!

In order to create a playlist on Sporcle, you need to verify the email address you used during registration. Go to your Sporcle Settings to finish the process.

Report this User

Report this user for behavior that violates our Community Guidelines.

Details: